| 000 | 00662nam a2200253Ia 4500 | ||
|---|---|---|---|
| 005 | 20250425161858.0 | ||
| 008 | 250425s9999 xx 000 0 und d | ||
| 020 | _a0070550174 | ||
| 041 | _aeng | ||
| 082 | _a658.4 | ||
| 100 | _aSAYLES, LEONARD R. | ||
| 245 | 0 | _aLEADERSHIP MANAGING IN REAL ORGANIZATIONS | |
| 250 | _a2ND ED. | ||
| 260 |
_aEstados Unidos _bMCGRAW-HILL _c1989 |
||
| 260 | _aNEW YORK | ||
| 300 | _a310 | ||
| 650 | _aCONTROL-DIRECCION | ||
| 650 | _aDIRECCION Y ADMINISTRACION | ||
| 650 | _aDIRECCIONAMIENTO ESTRATEGICO | ||
| 650 | _aORGANIZACIONES EMPRESARIALES | ||
| 710 | _aMCGRAW-HILL, INC. | ||
| 942 | _c01 | ||
| 010 | _a33382 | ||
| 999 |
_c217979 _d217979 |
||